<?xml version="1.0" encoding="UTF-8"?>
<record
    xmlns:xsi="http://www.w3.org/2001/XMLSchema-instance"
    xsi:schemaLocation="http://www.loc.gov/MARC21/slim http://www.loc.gov/standards/marcxml/schema/MARC21slim.xsd"
    xmlns="http://www.loc.gov/MARC21/slim">

  <leader>     nam a22     7a 4500</leader>
  <datafield tag="999" ind1=" " ind2=" ">
    <subfield code="c">50245</subfield>
    <subfield code="d">50245</subfield>
  </datafield>
  <controlfield tag="003">OSt</controlfield>
  <controlfield tag="005">20201104145811.0</controlfield>
  <controlfield tag="008">201104b        xxu||||| |||| 00| 0 eng d</controlfield>
  <datafield tag="028" ind1=" " ind2=" ">
    <subfield code="a">SERO SOFT</subfield>
  </datafield>
  <datafield tag="040" ind1=" " ind2=" ">
    <subfield code="c">SERO SOFT</subfield>
  </datafield>
  <datafield tag="100" ind1=" " ind2=" ">
    <subfield code="a">LAL,RAMAN BEHARI</subfield>
  </datafield>
  <datafield tag="245" ind1=" " ind2=" ">
    <subfield code="a">PHILOSOPHICAL AND SOCIOLOGICAL FOUNDATION OF EDUCATION</subfield>
  </datafield>
  <datafield tag="260" ind1=" " ind2=" ">
    <subfield code="a">MEERUT</subfield>
    <subfield code="b">R.LALL PUB MEERUT</subfield>
  </datafield>
  <datafield tag="300" ind1=" " ind2=" ">
    <subfield code="a">640</subfield>
  </datafield>
  <datafield tag="942" ind1=" " ind2=" ">
    <subfield code="2">ddc</subfield>
    <subfield code="c">02</subfield>
  </datafield>
  <datafield tag="952" ind1=" " ind2=" ">
    <subfield code="0">0</subfield>
    <subfield code="1">0</subfield>
    <subfield code="2">ddc</subfield>
    <subfield code="4">0</subfield>
    <subfield code="7">0</subfield>
    <subfield code="a">05</subfield>
    <subfield code="b">05</subfield>
    <subfield code="d">2020-11-04</subfield>
    <subfield code="e">R. LALL BOOK DEPOT MEERUT</subfield>
    <subfield code="g">395.00</subfield>
    <subfield code="i">640</subfield>
    <subfield code="l">4</subfield>
    <subfield code="m">1</subfield>
    <subfield code="p">05-B-17470</subfield>
    <subfield code="r">2025-07-12</subfield>
    <subfield code="s">2025-01-31</subfield>
    <subfield code="w">2020-11-04</subfield>
    <subfield code="y">02</subfield>
  </datafield>
  <datafield tag="952" ind1=" " ind2=" ">
    <subfield code="0">0</subfield>
    <subfield code="1">0</subfield>
    <subfield code="2">ddc</subfield>
    <subfield code="4">0</subfield>
    <subfield code="7">0</subfield>
    <subfield code="a">05</subfield>
    <subfield code="b">05</subfield>
    <subfield code="d">2020-11-04</subfield>
    <subfield code="e">R. LALL BOOK DEPOT MEERUT</subfield>
    <subfield code="g">395.00</subfield>
    <subfield code="i">640</subfield>
    <subfield code="l">5</subfield>
    <subfield code="p">05-B-17471</subfield>
    <subfield code="r">2025-07-12</subfield>
    <subfield code="s">2025-01-31</subfield>
    <subfield code="w">2020-11-04</subfield>
    <subfield code="y">02</subfield>
  </datafield>
  <datafield tag="952" ind1=" " ind2=" ">
    <subfield code="0">0</subfield>
    <subfield code="1">0</subfield>
    <subfield code="2">ddc</subfield>
    <subfield code="4">0</subfield>
    <subfield code="7">0</subfield>
    <subfield code="a">05</subfield>
    <subfield code="b">05</subfield>
    <subfield code="d">2020-11-04</subfield>
    <subfield code="e">R. LALL BOOK DEPOT MEERUT</subfield>
    <subfield code="g">395.00</subfield>
    <subfield code="i">640</subfield>
    <subfield code="l">4</subfield>
    <subfield code="p">05-B-17472</subfield>
    <subfield code="r">2025-07-12</subfield>
    <subfield code="s">2025-02-28</subfield>
    <subfield code="w">2020-11-04</subfield>
    <subfield code="y">02</subfield>
  </datafield>
  <datafield tag="952" ind1=" " ind2=" ">
    <subfield code="0">0</subfield>
    <subfield code="1">0</subfield>
    <subfield code="2">ddc</subfield>
    <subfield code="4">0</subfield>
    <subfield code="7">0</subfield>
    <subfield code="a">05</subfield>
    <subfield code="b">05</subfield>
    <subfield code="d">2020-11-04</subfield>
    <subfield code="e">R. LALL BOOK DEPOT MEERUT</subfield>
    <subfield code="g">395.00</subfield>
    <subfield code="i">640</subfield>
    <subfield code="l">4</subfield>
    <subfield code="m">1</subfield>
    <subfield code="p">05-B-17473</subfield>
    <subfield code="r">2026-02-11</subfield>
    <subfield code="s">2024-11-12</subfield>
    <subfield code="w">2020-11-04</subfield>
    <subfield code="y">02</subfield>
  </datafield>
  <datafield tag="952" ind1=" " ind2=" ">
    <subfield code="0">0</subfield>
    <subfield code="1">0</subfield>
    <subfield code="2">ddc</subfield>
    <subfield code="4">0</subfield>
    <subfield code="7">0</subfield>
    <subfield code="a">05</subfield>
    <subfield code="b">05</subfield>
    <subfield code="d">2020-11-04</subfield>
    <subfield code="e">R. LALL BOOK DEPOT MEERUT</subfield>
    <subfield code="g">395.00</subfield>
    <subfield code="i">640</subfield>
    <subfield code="l">5</subfield>
    <subfield code="m">1</subfield>
    <subfield code="p">05-B-17474</subfield>
    <subfield code="r">2025-07-12</subfield>
    <subfield code="s">2025-01-31</subfield>
    <subfield code="w">2020-11-04</subfield>
    <subfield code="y">02</subfield>
  </datafield>
  <datafield tag="952" ind1=" " ind2=" ">
    <subfield code="0">0</subfield>
    <subfield code="1">0</subfield>
    <subfield code="2">ddc</subfield>
    <subfield code="4">0</subfield>
    <subfield code="7">0</subfield>
    <subfield code="a">05</subfield>
    <subfield code="b">05</subfield>
    <subfield code="d">2020-11-04</subfield>
    <subfield code="e">R. LALL BOOK DEPOT MEERUT</subfield>
    <subfield code="g">395.00</subfield>
    <subfield code="i">640</subfield>
    <subfield code="l">3</subfield>
    <subfield code="p">05-B-17475</subfield>
    <subfield code="r">2026-02-11</subfield>
    <subfield code="s">2024-09-05</subfield>
    <subfield code="w">2020-11-04</subfield>
    <subfield code="y">02</subfield>
  </datafield>
  <datafield tag="952" ind1=" " ind2=" ">
    <subfield code="0">0</subfield>
    <subfield code="1">0</subfield>
    <subfield code="2">ddc</subfield>
    <subfield code="4">0</subfield>
    <subfield code="7">0</subfield>
    <subfield code="a">05</subfield>
    <subfield code="b">05</subfield>
    <subfield code="d">2020-11-04</subfield>
    <subfield code="e">R. LALL BOOK DEPOT MEERUT</subfield>
    <subfield code="g">395.00</subfield>
    <subfield code="i">640</subfield>
    <subfield code="l">3</subfield>
    <subfield code="p">05-B-17476</subfield>
    <subfield code="r">2025-07-30</subfield>
    <subfield code="s">2025-01-31</subfield>
    <subfield code="w">2020-11-04</subfield>
    <subfield code="y">02</subfield>
  </datafield>
  <datafield tag="952" ind1=" " ind2=" ">
    <subfield code="0">0</subfield>
    <subfield code="1">0</subfield>
    <subfield code="2">ddc</subfield>
    <subfield code="4">0</subfield>
    <subfield code="7">0</subfield>
    <subfield code="a">05</subfield>
    <subfield code="b">05</subfield>
    <subfield code="d">2020-11-04</subfield>
    <subfield code="e">R. LALL BOOK DEPOT MEERUT</subfield>
    <subfield code="g">395.00</subfield>
    <subfield code="i">640</subfield>
    <subfield code="l">5</subfield>
    <subfield code="p">05-B-17477</subfield>
    <subfield code="r">2026-02-11</subfield>
    <subfield code="s">2026-01-06</subfield>
    <subfield code="w">2020-11-04</subfield>
    <subfield code="y">02</subfield>
  </datafield>
  <datafield tag="952" ind1=" " ind2=" ">
    <subfield code="0">0</subfield>
    <subfield code="1">0</subfield>
    <subfield code="2">ddc</subfield>
    <subfield code="4">0</subfield>
    <subfield code="7">0</subfield>
    <subfield code="a">05</subfield>
    <subfield code="b">05</subfield>
    <subfield code="d">2020-11-04</subfield>
    <subfield code="e">R. LALL BOOK DEPOT MEERUT</subfield>
    <subfield code="g">395.00</subfield>
    <subfield code="i">640</subfield>
    <subfield code="l">4</subfield>
    <subfield code="p">05-B-17478</subfield>
    <subfield code="r">2025-01-29</subfield>
    <subfield code="s">2024-12-06</subfield>
    <subfield code="w">2020-11-04</subfield>
    <subfield code="y">02</subfield>
  </datafield>
  <datafield tag="952" ind1=" " ind2=" ">
    <subfield code="0">0</subfield>
    <subfield code="1">0</subfield>
    <subfield code="2">ddc</subfield>
    <subfield code="4">0</subfield>
    <subfield code="7">0</subfield>
    <subfield code="a">05</subfield>
    <subfield code="b">05</subfield>
    <subfield code="d">2020-11-04</subfield>
    <subfield code="e">R. LALL BOOK DEPOT MEERUT</subfield>
    <subfield code="g">395.00</subfield>
    <subfield code="i">640</subfield>
    <subfield code="l">3</subfield>
    <subfield code="p">05-B-17479</subfield>
    <subfield code="r">2024-01-27</subfield>
    <subfield code="s">2023-11-01</subfield>
    <subfield code="w">2020-11-04</subfield>
    <subfield code="y">02</subfield>
  </datafield>
  <datafield tag="952" ind1=" " ind2=" ">
    <subfield code="0">0</subfield>
    <subfield code="1">0</subfield>
    <subfield code="2">ddc</subfield>
    <subfield code="4">0</subfield>
    <subfield code="7">0</subfield>
    <subfield code="a">05</subfield>
    <subfield code="b">05</subfield>
    <subfield code="d">2020-11-04</subfield>
    <subfield code="e">R. LALL BOOK DEPOT MEERUT</subfield>
    <subfield code="g">395.00</subfield>
    <subfield code="i">640</subfield>
    <subfield code="l">2</subfield>
    <subfield code="p">05-B-17480</subfield>
    <subfield code="r">2024-01-24</subfield>
    <subfield code="s">2024-01-11</subfield>
    <subfield code="w">2020-11-04</subfield>
    <subfield code="y">02</subfield>
  </datafield>
  <datafield tag="952" ind1=" " ind2=" ">
    <subfield code="0">0</subfield>
    <subfield code="1">0</subfield>
    <subfield code="2">ddc</subfield>
    <subfield code="4">0</subfield>
    <subfield code="7">0</subfield>
    <subfield code="a">05</subfield>
    <subfield code="b">05</subfield>
    <subfield code="d">2020-11-04</subfield>
    <subfield code="e">R. LALL BOOK DEPOT MEERUT</subfield>
    <subfield code="g">395.00</subfield>
    <subfield code="i">640</subfield>
    <subfield code="l">6</subfield>
    <subfield code="p">05-B-17481</subfield>
    <subfield code="r">2026-02-11</subfield>
    <subfield code="s">2026-01-06</subfield>
    <subfield code="w">2020-11-04</subfield>
    <subfield code="y">02</subfield>
  </datafield>
  <datafield tag="952" ind1=" " ind2=" ">
    <subfield code="0">0</subfield>
    <subfield code="1">0</subfield>
    <subfield code="2">ddc</subfield>
    <subfield code="4">0</subfield>
    <subfield code="7">0</subfield>
    <subfield code="a">05</subfield>
    <subfield code="b">05</subfield>
    <subfield code="d">2020-11-04</subfield>
    <subfield code="e">R. LALL BOOK DEPOT MEERUT</subfield>
    <subfield code="g">395.00</subfield>
    <subfield code="i">640</subfield>
    <subfield code="l">6</subfield>
    <subfield code="p">05-B-17482</subfield>
    <subfield code="r">2026-02-11</subfield>
    <subfield code="s">2025-12-09</subfield>
    <subfield code="w">2020-11-04</subfield>
    <subfield code="y">02</subfield>
  </datafield>
</record>
